[Event "Panchenko Memorial-B 2018"]
[Site "Chelyabinsk"]
[Date "2018.10.14"]
[Round "9"]
[White "Radzhabov, Rodion"]
[Black "Frolov, Artiom"]
[Result "1-0"]
[WhiteElo "2297"]
[BlackElo "2383"]
[Annotator "NA"]
[PlyCount "119"]
[EventDate "2018.10.06"]
[EventCountry "RUS"]
[SourceTitle "playchess.com"]
[Source "ChessBase"]
[SourceQuality "1"]

1. Nf3 Nf6 2. g3 g6 3. Bg2 Bg7 4. O-O O-O 5. c4 d6 6. d4 Nbd7 7. Nc3 e5 8. Qc2 a6 9. Rd1 exd4 10. Nxd4 Re8 11. e4 Rb8 {E60: King's Indian: Unusual lines and Fianchetto Variation without Nc3} 12. b3 (12. h3 c6 13. Bf4 Ne5 14. c5 Bf8 15. cxd6 Bxd6 16. Bxe5 Rxe5 17. Nf3 Qe7 18. Nxe5 Bxe5 19. Ne2 Be6 20. Rac1 {1-0 (35) Kovalenko,I (2700)-Maze,S (2582) Berlin 2015}) 12... c5 {LiveBook: 3 Games} 13. Nde2 {[#]} Qc7 $146 ({Predecessor:} 13... b5 14. cxb5 axb5 15. Bf4 Ne5 16. Bxe5 Rxe5 17. f4 Re7 18. e5 Bf5 19. Qd2 Ne8 {1-0 (37) Baburin,A (2520)-Van Wely,L (2525) Switzerland 1992}) 14. a4 b6 15. f3 Bb7 16. Qd3 Bf8 17. Bg5 h6 18. Be3 Ne5 19. Qd2 Kh7 20. g4 Rbd8 21. Nf4 g5 22. Nfe2 Ng6 23. Ng3 Nh4 24. Rac1 Bg7 25. Bf2 Bc8 26. Nf1 Ng6 27. Bg3 Qa7 28. Ne3 Ng8 29. Ncd5 Be5 (29... N8e7 $14) 30. Rf1 $14 (30. Bxe5 $16 Nxe5 31. h4) 30... N8e7 31. Rcd1 Nf4 32. Qc2 Be6 33. Kh1 Kg7 34. Rd2 Nexd5 35. cxd5 Bc8 36. Nc4 f6 37. b4 a5 38. bxc5 bxc5 39. Rb1 Bd7 40. Rdd1 Rb8 41. Be1 Rb4 42. Bxb4 axb4 43. a5 h5 44. gxh5 Rh8 45. Bf1 Rxh5 46. Nxe5 fxe5 47. a6 Kf6 48. Bc4 g4 49. Rg1 gxf3 50. Rbf1 Rh3 51. Rg3 Bc8 52. Rfxf3 Rh4 53. Qg2 Qh7 54. Rg8 Bxa6 55. Bxa6 Rxh2+ 56. Qxh2 Qxg8 57. Rg3 Qf8 58. Qh4+ Kf7 59. Rg5 Ke8 60. Bb5+ 1-0

[Event "Panchenko Memorial-B 2018"]
[Site "Chelyabinsk"]
[Date "2018.10.14"]
[Round "9"]
[White "Mokin, Nikolai"]
[Black "Smorchkov, Danil"]
[Result "1/2-1/2"]
[WhiteElo "2253"]
[BlackElo "2208"]
[Annotator "TA"]
[PlyCount "34"]
[EventDate "2018.10.06"]
[EventCountry "RUS"]
[SourceTitle "playchess.com"]
[Source "ChessBase"]
[SourceQuality "1"]

{[%evp 19,21,-7,0,8]} 1. c4 Nf6 2. Nc3 e6 3. e4 d5 4. e5 d4 5. exf6 dxc3 6. bxc3 Qxf6 7. Nf3 e5 8. d4 exd4 9. cxd4 Bb4+ {A18: English Opening: Flohr-Mikenas System (1 c4 Nf6 2 Nc3 e6 3 e4)} 10. Bd2 Bxd2+ {LiveBook: 9 Games} 11. Qxd2 {Predecessor:} O-O $146 12. Be2 Nc6 13. O-O Bg4 14. d5 Bxf3 15. Bxf3 Nd4 16. Be4 c5 17. dxc6 Nxc6 {½-½ (26) Biolek,R (2440)-Kraemer,M (2434) Olomouc 2006} 1/2-1/2